00813nam a2200229 a 450000100060000000300080000600500170001400800410003103500230007203500190009504000230011404100080013708200250014510000200017024501080019026000380029830000340033650001320037050400320050265000190053477600300055343609BD-RjUL20211209053725.0160625s1958 enka ab 001 0 eng d a(OCoLC)ocm41463873 a(BD-RjUL)43727 aPR1cPR1dZCUbeng aeng 223a332.45bBES 19581 aBell, Philip W.14aThe sterling area in the postwar world : binternal mechanism and cohesion, 1946-1952 /cPhilip W. Bell aOxford :bClarendon Press,c1958. axix, 478 p. :bill. ;c22 cm. a"Completed as a doctoral dissertation for Princeton University in May 1954 ... slightly revised in March 1955 for publication." aBibliography: p. (435-464.) 0aSterling area.1 cOriginalw(DLC) 56004928